Statistics for Top 20 Best Current NBA Players

Click here to take the quiz!

General Stats

  • This quiz has been taken 112 times
  • The average score is 23 of 34

Answer Stats

Answer% Correct
LeBron James
100%
Kevin Durant
96%
Nikola Jokic
95%
Giannis Antetokounmpo
94%
James Harden
94%
Stephen Curry
93%
Joel Embiid
91%
Luka Doncic
90%
Anthony Davis
89%
Kyrie Irving
89%
Chris Paul
83%
Damian Lillard
82%
Russell Westbrook
82%
Jayson Tatum
79%
Kawhi Leonard
79%
Paul George
79%
Devin Booker
73%
Klay Thompson
71%
Jimmy Butler
70%
Trae Young
70%
Donovan Mitchell
61%
Bradley Beal
60%
Karl-Anthony Towns
60%
Zion Williamson
59%
Draymond Green
57%
Rudy Gobert
57%
Ben Simmons
52%
Julius Randle
41%
Jamal Murray
40%
Bam Adebayo
35%
Pascal Siakam
33%
Kemba Walker
27%
Blake Griffin
23%
Victor Oladipo
11%

Score Distribution

Percentile by Number Answered

Percent of People with Each Score

Your Score History

You have not taken this quiz